000 00718nam a2200181 a 4500
001 000006357
005 20200929153924.0
008 090828s2006 dr 001 0 spa d
020 _a9945160435
040 _aDO-SdBNP
100 1 _aVillamán, Marcos
_9760
245 1 3 _aEl proceso de descentralización escolar y sus condiciones de posibilidad en el suroeste de la Repú. /
_cMarcos Villamán.
260 _aSanto Domingo :
_bPlan internacional de la República Dominicana,
_c2006.
300 _a95 p. :
_bgráf ;
_c22 cm.
500 _aincluye notas al pie de las páginas
500 _aa la cabeza del título: Plan Internacional República Dominicana: espacio de reflexión de foro socioeducativo
049 _aBNPD
999 _c6152
_d6152